|
|
|
|
| LEADER |
00000nab a2200000 ar4500 |
| 001 |
vtls009623604 |
| 003 |
SK-MaSNL |
| 005 |
20260303194016.0 |
| 008 |
090702c19730202xo |r|p|||||||000 b|slo |
| 015 |
|
|
|a SNBRB1973
|
| 038 |
|
|
|a SNKBUCL
|
| 040 |
|
|
|a SNKBUCL
|b slo
|c SNKBUCL
|e AACR2
|
| 041 |
|
|
|a slo
|
| 044 |
|
|
|a xo
|c SK
|
| 080 |
|
|
|a 792.2
|2 1997
|
| 100 |
1 |
|
|a Trančíková, Eva
|4 aut
|9 953820
|
| 245 |
1 |
0 |
|a Kiež by ich bolo viac
|c Eva Trančíková
|
| 600 |
1 |
7 |
|a Mičinec, Stanislav,
|d 1937-1993
|t Sezam, otvor sa!
|2 snkbucl
|9 168228
|
| 610 |
2 |
7 |
|a Divadlo Nová scéna
|2 snkbucl
|9 228251
|
| 655 |
|
7 |
|a recenzie
|2 snkbucl
|9 21907
|
| 773 |
0 |
|
|t Pravda
|g (2.2.1973), s. 5
|
| 852 |
|
|
|a SNK
|b KIS3GCP
|
| 958 |
|
|
|a RC
|
| 999 |
|
|
|c 2155196
|d 2157126
|